Lapland or Karelia - Statistics

General Stats
  • This quiz has been taken 63 times
  • The average score is 11 of 15
Answer Stats
Question Answer % Correct
Is mostly in Russia Karelia
100%
Has the most Sámi people Lapland
100%
Borders the biggest lake in Europe Karelia
92%
Has the highest peak Lapland
92%
Has more tourists annually Lapland
89%
Is closer to USA Lapland
86%
Is more northern Lapland
81%
Has more population Karelia
78%
Got autonomy in 1923 Karelia
72%
Has higher GDP per capita Lapland
67%
Has more cities Karelia
58%
Väinö Linna was born here Karelia
56%
Was in war in 1944-1945 Lapland
53%
Has bigger coastline Karelia
47%
Is bigger in land area Karelia
36%
No matching quizzes found
Score Distribution
Percent of People with Each Score
Percentile by Number Answered
Your Score History
You have not taken this quiz